Регионална библиотека "Любен Каравелов" - Русе

Целуни ме така (Запис номер 199989)

MARC детайли
000 -Лидер
Контролно поле с фиксирана дължина 01433nam a2200361 c 4500
003 - Код на организацията, давaща контролен номер
Контролно поле BLK
005 - Дата и час на последна редакция
Контролно поле 20250728112150.0
008 - Елементи от данни с фиксирана дължина
fixed length control field 180411b bul|||||r ||||||| ||bul||
010 ## - Наследен системен номер
LC control number KNG00209403000
020 ## - Международен стандартен номер на книга ISBN
Международен стандартен номер на книга ISBN 978-954-26-1717-4
-- издат.: Хермес
040 ## - Източник на каталожния запис
Идентификатор на билиотеката - собственик на записа BLK
041 ## - Код за език
Код за езика на текст/звукозапис или на отделно заглавие Български
Код за езика КДБФ Български
072 #7 - Код за тематичната категория
Код организация bullib
Код за тематична категория Н83
Текст Чужда художествена литература Н
080 ## - УДК
Текстов определител УДК Американска литература (на САЩ)
УДК код - определител по УДК 821.111(73)
УДК определител -31
УДК - код + определител 821.111(73)-31
100 1# - Редна дума - Автор
Автор Трентъм, Лора
Авторска отговорност първи автор
R(LIN) 131274
139 ## - Редно поле
Редна дума Трентъм, Лора
Авторски знак Трен - Т 82
245 10 - Сведения за заглавието
Заглавие Целуни ме така
Подзаглавни данни Роман
Редно поле (дума) Лора Трентъм; прев. от англ. Пепа Стоилова Стоилова.
257 ## - Страна на издаване
Страна на създаване/издаване Съединени американски щати
260 ## - Област на издателските данни
-- Пловдив
Име на издателя, разпространителя и проч. Хермес
Година на издаване 2017
Печатница София : Алианс принт
300 ## - Физическа характеристика
Страници 336 с.
Размери/Мащаб 20 см
380 ## - Жанр
Жанр Худож. лит.
490 1# - СЕРИИ (Колекции)
Име на серия Серия Котънблум
500 ## - Общи забележки
Забележка Ориг. загл. Kiss Me That Way / Laura Trentham.
653 ## - Ключова дума – ненормативна
Ключова дума романи
659 ## - Тематичен бюлетин
Тематичен бюлетин Н
700 1# - Други автори (авторска отговорност)
Лично име Стоилова, Пепа Стоилова
Автороска отговорност (Описва отношението между автора и произведението) прев. от англ.
9 (RLIN) 364979
852 ## - Местоположение
Форматна сигнатура Цб 286498
856 4# - Електронен адрес и достъп
Електронен формат pdf - файл
Път до файла /url/
856 4# - Електронен адрес и достъп
Електронен формат pdf - файл
Път до файла /url/
942 ## - АРТИКУЛИ
Вид на библиотечния материал Книги
Скрит в OPAC Не
Koha issues (borrowed), all copies 68
944 ## - СЪЗДАВАНЕ И РЕДАКЦИЯ на ЗАПИСА
Създаване/Редакция Създаване
Дата на регистрацията/редакция 12.07.2017
Статус, дата на статуса Цветелина Шанова
Служител, извършил регистрацията/редакцията 30531
944 ## - СЪЗДАВАНЕ И РЕДАКЦИЯ на ЗАПИСА
Създаване/Редакция Редакция
Дата на регистрацията/редакция 04.03.2018
Статус, дата на статуса ф /
Служител, извършил регистрацията/редакцията Виолета_Тройчева
999 ## - СИСТЕМНИ КОНТРОЛНИ НОМЕРА
Koha biblionumber 199989
Koha biblioitemnumber 199989
Наличности
Код за отписване Код за изгубен артикул Източник на класификационната схема Код за повреда Коз за рестрикции Код за отдаване Артикулен № Име на библиотеката - собственик Име на библиотеката, в която се намира в момента Статус (Текущо местоположение) Дата на вписване в системата Местоположение - отдел Цена в лева Инвентарен номер Систематично азбучна сигнатура Баркод Номер на екземпляра Цена в евро Служебна бележка Служебен тип на артикула
  Не е изгубен Universal Decimal Classification Не е повреден без рестрикции заемане за дома 347031 Регионална библиотека "Любен Каравелов" Русе Регионална библиотека "Любен Каравелов" Русе Дубликат 2017-07-13 Заемна - подръчен фонд 11.21 120000813301 П 820(73)-31/Т 82 120000813301 1 5.73 Дост: Pk Вид: Ф N: 859 Дата: 08.07.2017 Дата инв: 19.02.2018 Бележки инв: П2018 Книги
  Не е изгубен Universal Decimal Classification Не е повреден без рестрикции заемане за дома 347032 Регионална библиотека "Любен Каравелов" Русе Регионална библиотека "Любен Каравелов" Русе Дубликат 2017-07-13 Заемна - подръчен фонд 11.21 120000813302 П 820(73)-31/Т 82 120000813302 2 5.73 Дост: Pk Вид: Ф N: 859 Дата: 08.07.2017 Дата инв: 15.02.2018 Бележки инв: П2018 Книги
  Не е изгубен Universal Decimal Classification Не е повреден без рестрикции заемане за дома 347033 Регионална библиотека "Любен Каравелов" Русе Регионална библиотека "Любен Каравелов" Русе Дубликат 2017-09-28 Заемна - подръчен фонд 11.21 120000815302 П 820(73)-31/Т 82 120000815302 3 5.73 Дост: Pk Вид: Ф N: 877 Дата: 25.09.2017 Дата инв: 10.03.2018 Бележки инв: П2018 Книги
  Не е изгубен Universal Decimal Classification Не е повреден без рестрикции заемане за дома 347034 Регионална библиотека "Любен Каравелов" Русе Регионална библиотека "Любен Каравелов" Русе Заемна - подръчен фонд 2017-09-28 Заемна - подръчен фонд 11.21 120000815303 П 820(73)-31/Т 82 120000815303 4 5.73 Дост: Pk Вид: Ф N: 877 Дата: 25.09.2017 Дата инв: 15.02.2018 Бележки инв: П2018 Книги
  Не е изгубен Universal Decimal Classification Не е повреден без рестрикции заемане за дома 347035 Регионална библиотека "Любен Каравелов" Русе Регионална библиотека "Любен Каравелов" Русе Заемна - подръчен фонд 2017-10-24 Заемна - подръчен фонд 11.21 120000816040 П 820(73)-31/Т 82 120000816040 5 5.73 Дост: Pk Вид: Ф N: 879 Дата: 10.10.2017 Дата инв: 16.02.2018 Бележки инв: П2018 Книги
  Не е изгубен   Не е повреден без рестрикции ползва се в читалня 347036 Регионална библиотека "Любен Каравелов" Русе Регионална библиотека "Любен Каравелов" Русе Хранилище 2018-02-12 Хранилище 14.95 120000819754 Цб 286498 120000819754 6 7.64 Дост: Dp Вид: Д N: 2 Дата: 04.01.2018 Книги
Vip Innovations Ltd, Rousse, Bulgaria 2025